000 00563nmm a2200193Ia 4500
008 251105s9999||||xx |||||||||||||||||und||
041 _aspa
100 _aAndler, Daniel
245 0 _aFilosofía de las ciencias
264 _a[México D.C., Mexico] :
_bFondo de Cultura Económica,
_c2016
300 _a775 páginas
490 _aFilosofía
650 _aPhilosophy, Ethics
700 _aAndler, Daniel
700 1 _a Fagot-Largeault, Anne
700 1 _a Saint-Sernin, Bertrand
856 _uhttps://public.digitaliapublishing.com/a/64451
942 _cCF
999 _c61939
_d61939